[Event "Mundial Juvenil femenino 2005 s12"]
[Site "Belfort FRA"]
[Date "2005.07.27"]
[Round "8.15"]
[White "Baciu, Diana"]
[Black "Shakryan, Zozan"]
[Result "0-1"]
[WhiteElo "1849"]
[BlackElo "1599"]
[PlyCount "78"]
[EventDate "2005.07.19"]
[EventType "swiss"]
[EventRounds "11"]
[EventCountry "FRA"]
[Source "lmi"]
[SourceDate "2005.07.31"]

1. e4 c5 2. Nc3 d6 3. f4 Nf6 4. Nf3 a6 5. d3 b5 6. g3 Bb7 7. Bg2 e6 8. O-O Be7
9. Ne2 O-O 10. c3 c4 11. e5 Qb6+ 12. d4 Nd5 13. Kh1 Nc6 14. g4 dxe5 15. fxe5 a5
16. Nf4 Na7 17. Nxd5 Bxd5 18. Be3 Qb7 19. Qd2 b4 20. Ne1 Nb5 21. Bxd5 Qxd5+ 22.
Ng2 f6 23. exf6 Bxf6 24. Kg1 bxc3 25. bxc3 e5 26. g5 Be7 27. a4 Nd6 28. dxe5
Qxe5 29. h4 Ne4 30. Qd4 Qe6 31. Rac1 Ng3 32. Rxf8+ Rxf8 33. Qd2 Qh3 34. Qd5+
Kh8 35. Nf4 Ne2+ 36. Kf2 Nxf4 37. Bxf4 Rxf4+ 38. Ke2 Qh2+ 39. Ke3 Qf2# 0-1

[Event "Mundial Juvenil femenino 2005 s12"]
[Site "Belfort FRA"]
[Date "2005.07.27"]
[Round "8.17"]
[White "Qurbonboyeva, Sarvinoz"]
[Black "Abdalla, Mona Khaled"]
[Result "0-1"]
[WhiteElo "1599"]
[BlackElo "1599"]
[PlyCount "80"]
[EventDate "2005.07.19"]
[EventType "swiss"]
[EventRounds "11"]
[EventCountry "FRA"]
[Source "lmi"]
[SourceDate "2005.07.31"]

1. c4 f5 2. Nc3 Nf6 3. g3 e6 4. Bg2 d5 5. cxd5 exd5 6. d4 c6 7. e3 Bd6 8. Nge2
O-O 9. O-O Nbd7 10. a3 Ne4 11. b4 Ndf6 12. Bb2 Qe8 13. Rc1 Bd7 14. Na4 b6 15.
Nac3 Nxc3 16. Nxc3 Ne4 17. Re1 Qg6 18. b5 Rac8 19. bxc6 Bxc6 20. Nxe4 fxe4 21.
Qb3 Bb8 22. Bh3 Rc7 23. a4 Rcf7 24. Ba3 Re8 25. Qc2 Bb7 26. Qb3 Qh5 27. Bg2 Bc8
28. Rc6 Bd7 29. Rc2 Re6 30. Rec1 Bd6 31. Bxd6 Rxd6 32. Qb4 Rdf6 33. Rc7 Rxf2
34. Qe1 Re2 35. Qd1 Rff2 36. Qf1 Rxf1+ 37. Rxf1 Bh3 38. Bxh3 Qxh3 39. Rf2 Re1+
40. Rf1 Rxf1# 0-1

[Event "Mundial Juvenil femenino 2005 s12"]
[Site "Belfort FRA"]
[Date "2005.07.27"]
[Round "8.18"]
[White "Karabayeva, Zhanna"]
[Black "Botha, Monique"]
[Result "1/2-1/2"]
[WhiteElo "1599"]
[BlackElo "1599"]
[PlyCount "83"]
[EventDate "2005.07.19"]
[EventType "swiss"]
[EventRounds "11"]
[EventCountry "FRA"]
[Source "lmi"]
[SourceDate "2005.07.31"]

1. e4 c5 2. Nf3 e6 3. d4 cxd4 4. Nxd4 Nf6 5. Nc3 d6 6. Be3 a6 7. Be2 Be7 8. O-O
O-O 9. f4 Qc7 10. Qe1 b5 11. a3 Bb7 12. Bd3 Nc6 13. Qg3 Nh5 14. Qh3 g6 15. Nxc6
Bxc6 16. f5 e5 17. Bh6 Rfd8 18. fxg6 hxg6 19. Qf3 Bf8 20. Bg5 Re8 21. Rad1 Rab8
22. Kh1 Qd7 23. Be2 f5 24. Qh3 fxe4 25. Qxd7 Bxd7 26. Nxe4 Kh8 27. Bxh5 gxh5
28. Nxd6 Bxd6 29. Rxd6 Bc8 30. Bf6+ Kg8 31. Rd5 Rf8 32. Kg1 Rb6 33. Bxe5 Rxf1+
34. Kxf1 Bb7 35. Rc5 Rg6 36. g3 Rg5 37. Bd4 Rxc5 38. Bxc5 Kf7 39. Ke2 Ke6 40.
Be3 Kf5 41. h4 Ke4 42. Bb6 1/2-1/2

[Event "Mundial Juvenil femenino 2005 s12"]
[Site "Belfort FRA"]
[Date "2005.07.27"]
[Round "8.19"]
[White "Brunello, Marina"]
[Black "Tjolsen, Katrine"]
[Result "0-1"]
[WhiteElo "1599"]
[BlackElo "1599"]
[PlyCount "182"]
[EventDate "2005.07.19"]
[EventType "swiss"]
[EventRounds "11"]
[EventCountry "FRA"]
[Source "lmi"]
[SourceDate "2005.07.31"]

1. e4 e6 2. d4 d5 3. e5 c5 4. c3 Qb6 5. Nf3 Nc6 6. a3 a5 7. Bd3 Bd7 8. Bc2 Qa6
9. Nbd2 f6 10. Nb3 a4 11. Nbd2 c4 12. O-O b5 13. Re1 O-O-O 14. Nf1 f5 15. Ng5
Nh6 16. Qh5 Be7 17. Bf4 Rdf8 18. Qf3 Nf7 19. Nxf7 Rxf7 20. Qh5 g6 21. Qh6 Bf8
22. Qg5 Rg8 23. Bd2 h6 24. Qe3 g5 25. Qe2 Qb6 26. Ng3 Qd8 27. Rab1 Rh7 28. Qd1
Na5 29. Bc1 g4 30. Nh5 Be7 31. Re2 Qe8 32. Nf4 Bg5 33. Qe1 Bxf4 34. Bxf4 Nc6
35. Qd1 Ne7 36. Qd2 Qf8 37. Rc1 Ng6 38. Bb1 Qg7 39. g3 h5 40. Rc2 h4 41. Qc1
Ne7 42. Qe3 Kd8 43. Qc1 Ke8 44. Qe3 Nc6 45. Qc1 Nd8 46. Qe3 Nf7 47. Qc1 Ke7 48.
Qe3 Be8 49. Qc1 Ng5 50. Bxg5+ Qxg5 51. Qxg5+ Rxg5 52. Rcd2 Bg6 53. Bc2 Rgh5 54.
Bb1 Kf7 55. Bc2 f4 56. Bxg6+ Kxg6 57. Kf1 Kf5 58. Rc2 Kg6 59. Kg1 Rf7 60. Red2
fxg3 61. fxg3 hxg3 62. hxg3 Rf3 63. Rf2 Rxg3+ 64. Rg2 Rxg2+ 65. Kxg2 Rf5 66.
Kg3 Kg5 67. Rh2 Rf3+ 68. Kg2 Rd3 69. Kf1 Rf3+ 70. Kg2 Kf4 71. Rh6 Rd3 72. Rf6+
Ke4 73. Rxe6 Rd2+ 74. Kg3 Rxb2 75. Rf6 Rc2 76. Kxg4 Rxc3 77. Rf4+ Kd3 78. Rf3+
Kxd4 79. Rxc3 Kxc3 80. e6 d4 81. e7 d3 82. e8=Q d2 83. Qe5+ Kc2 84. Qxb5 d1=Q+
85. Kf4 Qd4+ 86. Kg5 c3 87. Kh5 Kc1 88. Kg6 c2 89. Qf1+ Kb2 90. Qb5+ Kxa3 91.
Qc6 Qg1+ 0-1

[Event "Mundial Juvenil femenino 2005 s12"]
[Site "Belfort FRA"]
[Date "2005.07.27"]
[Round "8.20"]
[White "Williams, Jordana"]
[Black "Capelo, Paola"]
[Result "0-1"]
[WhiteElo "1599"]
[BlackElo "1599"]
[PlyCount "55"]
[EventDate "2005.07.19"]
[EventType "swiss"]
[EventRounds "11"]
[EventCountry "FRA"]
[Source "lmi"]
[SourceDate "2005.07.31"]

1. e4 e5 2. Nf3 Nc6 3. Bb5 Nd4 4. Nxd4 exd4 5. O-O c6 6. Bc4 Ne7 7. Re1 Ng6 8.
d3 Be7 9. Nd2 d6 10. h3 a5 11. a4 O-O 12. Nf3 c5 13. Bd2 Kh8 14. Qc1 Be6 15.
Bxe6 fxe6 16. Bg5 Ne5 17. Bxe7 Nxf3+ 18. gxf3 Qxe7 19. Kg2 Rf7 20. c3 Raf8 21.
Rh1 Rxf3 22. Qd2 Qh4 23. Raf1 R8f6 24. cxd4 cxd4 25. Rh2 Rg6+ 26. Kh1 Rxh3 27.
f4 Rgg3 28. Qe1 0-1

[Event "Mundial Juvenil femenino 2005 s12"]
[Site "Belfort FRA"]
[Date "2005.07.28"]
[Round "9.2"]
[White "Paikidze, Nazi"]
[Black "Solovyova, Yelyzaveta"]
[Result "1/2-1/2"]
[WhiteElo "2083"]
[BlackElo "1921"]
[PlyCount "76"]
[EventDate "2005.07.19"]
[EventType "swiss"]
[EventRounds "11"]
[EventCountry "FRA"]
[Source "lmi"]
[SourceDate "2005.07.31"]

1. d4 Nf6 2. c4 d6 3. Nc3 Nbd7 4. e4 e5 5. d5 Be7 6. Bd3 c6 7. Nge2 Nf8 8. O-O
Ng6 9. a3 O-O 10. f3 Nh5 11. Be3 Bg5 12. Bf2 c5 13. b4 b6 14. Rb1 Nhf4 15. Nc1
Qd7 16. Bg3 Nh5 17. Qa4 Nxg3 18. hxg3 Be3+ 19. Kh2 Qe7 20. Nd1 Bd7 21. Qc2 Bd4
22. Ne2 Qg5 23. Nxd4 cxd4 24. Qc1 Qe7 25. Nf2 h5 26. Nh3 Bxh3 27. gxh3 h4 28.
Qe1 Qg5 29. Rg1 hxg3+ 30. Rxg3 Qh6 31. Rc1 Rac8 32. Rc2 Nf4 33. Qd2 Rc7 34. Rc1
Rfc8 35. Rcg1 g6 36. b5 Kg7 37. Bf1 Nxd5 38. Rh1 Ra8 1/2-1/2

[Event "Mundial Juvenil femenino 2005 s12"]
[Site "Belfort FRA"]
[Date "2005.07.28"]
[Round "9.3"]
[White "Lolici, Iselin"]
[Black "Danelia, Mariam"]
[Result "1/2-1/2"]
[WhiteElo "2049"]
[BlackElo "1991"]
[PlyCount "68"]
[EventDate "2005.07.19"]
[EventType "swiss"]
[EventRounds "11"]
[EventCountry "FRA"]
[Source "lmi"]
[SourceDate "2005.07.31"]

1. c4 g6 2. g3 c5 3. Bg2 Bg7 4. Nc3 Nc6 5. Rb1 e6 6. e4 Nge7 7. Nge2 O-O 8. O-O
d6 9. d3 a6 10. a3 Rb8 11. b4 cxb4 12. axb4 b5 13. cxb5 axb5 14. Be3 e5 15. d4
exd4 16. Nxd4 Nxd4 17. Bxd4 Be5 18. f4 Bxd4+ 19. Qxd4 Qb6 20. Rfd1 Be6 21. Qxb6
Rxb6 22. Rd2 Rc8 23. Ne2 Rc4 24. Nd4 d5 25. exd5 Bxd5 26. Bxd5 Nxd5 27. Nf5 Nc3
28. Ne7+ Kg7 29. Nc8 Nxb1 30. Rd7 Rbc6 31. Nd6 Rc1+ 32. Kg2 R1c2+ 33. Kh3 Rd2
34. Rxf7+ Kg8 1/2-1/2

[Event "Mundial Juvenil femenino 2005 s12"]
[Site "Belfort FRA"]
[Date "2005.07.28"]
[Round "9.4"]
[White "Suarez Calvo, Alexandra"]
[Black "Cori T., Deysi"]
[Result "1/2-1/2"]
[WhiteElo "1924"]
[BlackElo "2035"]
[PlyCount "57"]
[EventDate "2005.07.19"]
[EventType "swiss"]
[EventRounds "11"]
[EventCountry "FRA"]
[Source "lmi"]
[SourceDate "2005.07.31"]

1. e4 c5 2. Nf3 d6 3. d4 cxd4 4. Nxd4 Nf6 5. Nc3 a6 6. Be2 e6 7. Be3 b5 8. a3
Bb7 9. f3 Nbd7 10. O-O Be7 11. Qe1 O-O 12. Qg3 Kh8 13. Bd3 Rc8 14. Rae1 Nc5 15.
Re2 Nfd7 16. f4 Bf6 17. Qh3 Nxd3 18. cxd3 Nc5 19. Rd1 Re8 20. f5 e5 21. Nf3 Nb3
22. g4 Nd4 23. Rg2 Nxf3+ 24. Qxf3 Bg5 25. Bxg5 Qxg5 26. Rf1 d5 27. exd5 Qd8 28.
f6 Qb6+ 29. Rgf2 1/2-1/2

[Event "Mundial Juvenil femenino 2005 s12"]
[Site "Belfort FRA"]
[Date "2005.07.28"]
[Round "9.5"]
[White "Petrova, Olga"]
[Black "Mitra, Hejazipour"]
[Result "1-0"]
[WhiteElo "1599"]
[BlackElo "1599"]
[PlyCount "96"]
[EventDate "2005.07.19"]
[EventType "swiss"]
[EventRounds "11"]
[EventCountry "FRA"]
[Source "lmi"]
[SourceDate "2005.07.31"]

1. e4 e5 2. Nc3 Nf6 3. Bc4 Nc6 4. d3 Bc5 5. f4 exf4 6. Bxf4 d6 7. Nf3 Bg4 8.
Qd2 Bxf3 9. gxf3 Ne5 10. Bxe5 dxe5 11. Qg5 Qd4 12. Nd1 Rg8 13. c3 Qd6 14. Ne3
Bxe3 15. Qxe3 Qb6 16. Qg5 Qc5 17. O-O-O Qe7 18. d4 Nd7 19. Qh5 h6 20. Rhg1 Qf6
21. Kb1 g6 22. Qxh6 Rh8 23. Qd2 Qxf3 24. Rgf1 Qxe4+ 25. Bd3 Qd5 26. Qe2 O-O-O
27. Bc4 Qc6 28. Rxf7 Nb6 29. Bb5 Qd5 30. Rff1 e4 31. c4 Qg5 32. c5 Nd5 33. Rg1
Qf4 34. Rdf1 Qxh2 35. Qxe4 Qd2 36. Rg3 Rh2 37. Qe6+ Kb8 38. Rb3 Qc2+ 39. Ka1
Rd2 40. Be2 Nf4 41. Rxb7+ Kxb7 42. Qa6+ Kb8 43. Qb5+ Kc8 44. Bg4+ Qf5 45. Bxf5+
gxf5 46. c6 R8xd4 47. Qxf5+ Kb8 48. Qf8+ Rd8 1-0

[Event "Mundial Juvenil femenino 2005 s12"]
[Site "Belfort FRA"]
[Date "2005.07.28"]
[Round "9.6"]
[White "Vilce, Andrea"]
[Black "Pujari, Rucha"]
[Result "1-0"]
[WhiteElo "1599"]
[BlackElo "1833"]
[PlyCount "148"]
[EventDate "2005.07.19"]
[EventType "swiss"]
[EventRounds "11"]
[EventCountry "FRA"]
[Source "lmi"]
[SourceDate "2005.07.31"]

1. e4 e6 2. d4 c5 3. Nf3 cxd4 4. Nxd4 Qb6 5. Nb3 Nf6 6. e5 Ne4 7. Be3 Qc7 8. f4
d5 9. exd6 Bxd6 10. Qd4 Nf6 11. Nc3 e5 12. Qa4+ Bd7 13. Nb5 Bxb5 14. Bxb5+ Nbd7
15. fxe5 Bxe5 16. O-O-O a6 17. Rhe1 Rc8 18. Bxd7+ Nxd7 19. Re2 Qc6 20. Qg4 Nf6
21. Qf5 Qe6 22. Qxe6+ fxe6 23. Bg1 Bf4+ 24. Kb1 Kf7 25. g3 Bb8 26. Nc5 Rhd8 27.
Rde1 e5 28. b4 e4 29. Nxb7 Re8 30. Nc5 Nd5 31. Nxe4 Kg6 32. a3 Rxe4 33. Rxe4
Nc3+ 34. Kb2 Nxe4 35. Rxe4 Kf5 36. Re1 Be5+ 37. Kb1 Rc3 38. Re3 Rc6 39. Rd3 Ke4
40. Bc5 a5 41. Ka2 a4 42. Rd2 Bc3 43. Re2+ Kd5 44. Re3 Kc4 45. Bf8 g6 46. Kb1
Rc8 47. Be7 Re8 48. Bg5 Rf8 49. Re4+ Kd5 50. Rf4 Re8 51. Rf1 Re2 52. Rh1 Kc4
53. h4 Be5 54. Bf4 Bxf4 55. gxf4 Rf2 56. h5 Rxf4 57. hxg6 hxg6 58. Rg1 Rf6 59.
Kb2 Kd5 60. Rg3 Ke4 61. c4 Kf4 62. Rg1 Rc6 63. Kc3 g5 64. b5 Rc8 65. Kb4 g4 66.
b6 Rb8 67. c5 Ke5 68. Kxa4 g3 69. Kb5 Ke6 70. a4 Kd7 71. a5 Rc8 72. a6 Rb8 73.
a7 Ra8 74. Ka6 Rc8 1-0

[Event "Mundial Juvenil femenino 2005 s12"]
[Site "Belfort FRA"]
[Date "2005.07.28"]
[Round "9.8"]
[White "Vo, Thi Kim Phung"]
[Black "Neuhauser, Salome"]
[Result "1-0"]
[WhiteElo "1599"]
[BlackElo "1599"]
[PlyCount "69"]
[EventDate "2005.07.19"]
[EventType "swiss"]
[EventRounds "11"]
[EventCountry "FRA"]
[Source "lmi"]
[SourceDate "2005.07.31"]

1. d4 Nf6 2. c4 c5 3. d5 b5 4. cxb5 a6 5. Nc3 axb5 6. Nxb5 Qa5+ 7. Nc3 Ba6 8.
g3 d6 9. Bd2 Qc7 10. Bg2 g6 11. Nh3 Bg7 12. O-O O-O 13. Re1 Nbd7 14. Qc1 Rfb8
15. e4 Ne5 16. Qc2 Bd3 17. Qc1 Bc4 18. Qc2 Nd3 19. Reb1 Nb4 20. Qd1 Nxa2 21. b3
Nxc3 22. Bxc3 Rxa1 23. Bxa1 Qb6 24. Bf1 Bxb3 25. Qf3 Qa7 26. Bxf6 Qa2 27. Rb2
Qa3 28. Bxg7 Kxg7 29. Qc3+ f6 30. Nf4 Rb4 31. Ne6+ Kg8 32. Nd8 Qa4 33. Nc6 Rb7
34. Na5 Rb8 35. Rxb3 1-0

[Event "Mundial Juvenil femenino 2005 s12"]
[Site "Belfort FRA"]
[Date "2005.07.28"]
[Round "9.9"]
[White "Tjolsen, Katrine"]
[Black "Bulmaga, Irina"]
[Result "0-1"]
[WhiteElo "1599"]
[BlackElo "2074"]
[PlyCount "76"]
[EventDate "2005.07.19"]
[EventType "swiss"]
[EventRounds "11"]
[EventCountry "FRA"]
[Source "lmi"]
[SourceDate "2005.07.31"]

1. d4 d5 2. c4 c6 3. Nf3 Nf6 4. Nc3 a6 5. Qb3 e6 6. Bg5 h6 7. Bh4 Be7 8. e3 b5
9. cxd5 cxd5 10. a4 b4 11. Na2 a5 12. Nc1 Nbd7 13. Bb5 O-O 14. Nd3 Ne4 15. Bxe7
Qxe7 16. Nfe5 Nxe5 17. Nxe5 Bb7 18. Qd1 Rac8 19. O-O Rc7 20. Rc1 Rfc8 21. Rxc7
Qxc7 22. Qh5 Nf6 23. Qf3 Qe7 24. Nd3 Ne4 25. Qe2 Nd6 26. Nc5 Rc7 27. h3 Bc6 28.
Bxc6 Rxc6 29. Rc1 Qc7 30. b3 Ne4 31. Qb5 Nc3 32. Qd3 e5 33. f3 e4 34. fxe4 Nxe4
35. Qb5 Nc3 36. Qd3 Qg3 37. Rc2 Rf6 38. Qd2 Rf3 0-1

[Event "Mundial Juvenil femenino 2005 s12"]
[Site "Belfort FRA"]
[Date "2005.07.28"]
[Round "9.10"]
[White "Abdalla, Mona Khaled"]
[Black "Stetsko, Lanita"]
[Result "0-1"]
[WhiteElo "1599"]
[BlackElo "1599"]
[PlyCount "114"]
[EventDate "2005.07.19"]
[EventType "swiss"]
[EventRounds "11"]
[EventCountry "FRA"]
[Source "lmi"]
[SourceDate "2005.07.31"]

1. d4 d5 2. Nf3 Nf6 3. e3 c6 4. Bd3 g6 5. Nbd2 Bg7 6. O-O O-O 7. h3 Nbd7 8. c3
c5 9. Bc2 b6 10. e4 dxe4 11. Nxe4 Bb7 12. Nxf6+ Bxf6 13. Bh6 Bg7 14. Bxg7 Kxg7
15. d5 Ba6 16. Bd3 c4 17. Bxc4 Bxc4 18. Qd4+ Nf6 19. Qxc4 Qxd5 20. Qxd5 Nxd5
21. Rad1 Rfd8 22. Rfe1 e6 23. Nd4 Ne7 24. Rxe6 Rxd4 25. Rxg6+ hxg6 26. cxd4 Rd8
27. Kf1 Nc6 28. d5 b5 29. d6 Kf6 30. d7 Ke7 31. Ke2 Rxd7 32. Rxd7+ Kxd7 33. Kd3
Nb4+ 34. Ke4 Nxa2 35. g4 Ke6 36. h4 Kf6 37. f4 Nc1 38. g5+ Ke6 39. f5+ gxf5+
40. Ke3 Nb3 41. h5 Ke7 42. h6 Kf8 43. Kf4 Nd4 44. Ke5 Nf3+ 45. Kxf5 a5 46. Kf6
Nh4 47. Ke5 b4 48. Kd5 a4 49. Kc4 a3 50. bxa3 bxa3 51. Kb3 Ke7 52. Kxa3 Ke6 53.
Kb3 Kf5 54. h7 Ng6 55. Kc3 Kxg5 56. Kd3 Kh6 57. Ke4 Kxh7 0-1

[Event "Mundial Juvenil femenino 2005 s12"]
[Site "Belfort FRA"]
[Date "2005.07.28"]
[Round "9.11"]
[White "Capelo, Paola"]
[Black "Shakryan, Zozan"]
[Result "1-0"]
[WhiteElo "1599"]
[BlackElo "1599"]
[PlyCount "117"]
[EventDate "2005.07.19"]
[EventType "swiss"]
[EventRounds "11"]
[EventCountry "FRA"]
[Source "lmi"]
[SourceDate "2005.07.31"]

1. e4 c5 2. Nc3 Nc6 3. f4 d6 4. Nf3 g6 5. g3 Bg7 6. Bg2 e6 7. O-O Nge7 8. Kh1
O-O 9. Ne2 f5 10. d3 Rb8 11. Rb1 b5 12. Be3 Bb7 13. e5 Nd5 14. Bf2 Qe7 15. d4
cxd4 16. exd6 Qxd6 17. Nfxd4 Nxd4 18. Nxd4 a6 19. Nf3 Qe7 20. Qe2 Nc7 21. Rfe1
Bd5 22. b3 Bc3 23. Red1 Rbd8 24. Rd3 Kg7 25. Rbd1 b4 26. Bb6 Rb8 27. Bf2 Rfe8
28. Ng5 Bxg2+ 29. Kxg2 Rbd8 30. Rxd8 Rxd8 31. Rxd8 Qxd8 32. Nf3 Qd6 33. Qc4 a5
34. Qc5 Qxc5 35. Bxc5 Nd5 36. Nd2 e5 37. fxe5 Bxe5 38. Nc4 Bc7 39. a3 Kf7 40.
Kf3 Ke6 41. axb4 axb4 42. Ne3 Nxe3 43. Kxe3 Bd6 44. Kd4 g5 45. Bxd6 Kxd6 46. h3
h5 47. c3 bxc3 48. Kxc3 Kc5 49. b4+ Kb5 50. Kd4 g4 51. hxg4 fxg4 52. Ke4 Kxb4
53. Kf4 Kc5 54. Kg5 Kd6 55. Kxh5 Ke6 56. Kxg4 Kf6 57. Kh5 Kg7 58. Kg5 Kg8 59.
Kg6 1-0

[Event "Mundial Juvenil femenino 2005 s12"]
[Site "Belfort FRA"]
[Date "2005.07.28"]
[Round "9.12"]
[White "Chen, Yidi"]
[Black "Haast, Anne"]
[Result "1/2-1/2"]
[WhiteElo "1599"]
[BlackElo "1599"]
[PlyCount "74"]
[EventDate "2005.07.19"]
[EventType "swiss"]
[EventRounds "11"]
[EventCountry "FRA"]
[Source "lmi"]
[SourceDate "2005.07.31"]

1. e4 e5 2. Nf3 Nc6 3. Bb5 a6 4. Bxc6 dxc6 5. O-O Bg4 6. h3 h5 7. d3 Qf6 8. Be3
Bxf3 9. Qxf3 Qxf3 10. gxf3 Bd6 11. Nd2 Ne7 12. Rfb1 Ng6 13. Kf1 Nf8 14. b4 Ne6
15. a4 b5 16. c3 f6 17. axb5 cxb5 18. Ra2 c5 19. bxc5 Bxc5 20. Rxb5 Bxe3 21.
fxe3 Kf7 22. Rb7+ Kg6 23. Ke2 Rhd8 24. Rb6 Nc7 25. Rc6 Nb5 26. d4 exd4 27. cxd4
Rxd4 28. Raxa6 Rxa6 29. Rxa6 Nc3+ 30. Ke1 Rd3 31. Nc4 Rd1+ 32. Kf2 Rc1 33. Ne5+
Kh7 34. Nd3 Rc2+ 35. Kf1 Nd1 36. Nf4 Nxe3+ 37. Kg1 h4 1/2-1/2

[Event "Mundial Juvenil femenino 2005 s12"]
[Site "Belfort FRA"]
[Date "2005.07.28"]
[Round "9.13"]
[White "Hakimifard, Ghazal"]
[Black "Vempati, Gayatri"]
[Result "1-0"]
[WhiteElo "1599"]
[BlackElo "1599"]
[PlyCount "45"]
[EventDate "2005.07.19"]
[EventType "swiss"]
[EventRounds "11"]
[EventCountry "FRA"]
[Source "lmi"]
[SourceDate "2005.07.31"]

1. d4 d5 2. c4 Nc6 3. Nc3 dxc4 4. Nf3 Nf6 5. e4 Bg4 6. Be3 e5 7. d5 Bxf3 8.
gxf3 Na5 9. Qa4+ c6 10. b4 cxb3 11. axb3 b6 12. b4 Nb7 13. dxc6 Nd6 14. c7+ Qd7
15. Nb5 Be7 16. Nxd6+ Kf8 17. Qxd7 Nxd7 18. c8=Q+ Rxc8 19. Nxc8 Bxb4+ 20. Bd2
Bc5 21. Bb5 Nf6 22. Rxa7 h6 23. Ra8 1-0

[Event "Mundial Juvenil femenino 2005 s12"]
[Site "Belfort FRA"]
[Date "2005.07.28"]
[Round "9.14"]
[White "G.srisha, Gutta"]
[Black "Castro, Natalia"]
[Result "1/2-1/2"]
[WhiteElo "2092"]
[BlackElo "1599"]
[PlyCount "74"]
[EventDate "2005.07.19"]
[EventType "swiss"]
[EventRounds "11"]
[EventCountry "FRA"]
[Source "lmi"]
[SourceDate "2005.07.31"]

1. d4 d5 2. c4 c6 3. Nf3 e6 4. Nc3 Nf6 5. Bg5 Be7 6. e3 O-O 7. Qc2 Nbd7 8. Rd1
b6 9. cxd5 cxd5 10. Bd3 Bb7 11. O-O Rc8 12. Rc1 Ne4 13. Bxe7 Qxe7 14. Bxe4 dxe4
15. Nd2 Nf6 16. Qb1 Ba6 17. Rfe1 Bd3 18. Qa1 Qb7 19. b4 Nd5 20. Ndxe4 Bxe4 21.
Nxe4 Rxc1 22. Rxc1 Nxb4 23. Qb1 Nd5 24. Nd6 Qd7 25. Nc4 Rc8 26. h3 f6 27. Rc2
Qa4 28. Qb3 Qxb3 29. axb3 Nb4 30. Rb2 Rc6 31. Kf1 Kf7 32. Ke2 Ke7 33. Kd2 Nd5
34. Kd3 g6 35. g3 Nb4+ 36. Kc3 a5 37. Kd2 Nd5 1/2-1/2

[Event "Mundial Juvenil femenino 2005 s12"]
[Site "Belfort FRA"]
[Date "2005.07.28"]
[Round "9.15"]
[White "Pavlidou, Ekaterini"]
[Black "Pereira, Amanda Marques"]
[Result "1-0"]
[WhiteElo "1970"]
[BlackElo "1599"]
[PlyCount "139"]
[EventDate "2005.07.19"]
[EventType "swiss"]
[EventRounds "11"]
[EventCountry "FRA"]
[Source "lmi"]
[SourceDate "2005.07.31"]

1. d4 c6 2. c4 d5 3. Nf3 Nf6 4. Nc3 g6 5. e3 Bg7 6. Bd3 Bg4 7. O-O O-O 8. h3
Bxf3 9. Qxf3 e6 10. b3 Nbd7 11. Bb2 Qc7 12. Rac1 Rac8 13. Ba3 Rfe8 14. Rfd1
dxc4 15. bxc4 Qa5 16. Bb2 e5 17. Bb1 exd4 18. exd4 Qb4 19. Rc2 Qxc4 20. a3 Qe6
21. Ba2 Qd6 22. Rcd2 Bh6 23. Rd3 Qf4 24. d5 Qxf3 25. Rxf3 cxd5 26. Nxd5 Ne4 27.
Rxf7 Kxf7 28. Nf6+ Kf8 29. Rxd7 Nxf6 30. Bxf6 Re1+ 31. Kh2 Bf4+ 32. g3 Be5 33.
Rf7+ Ke8 34. Re7+ Kf8 35. Rf7+ Ke8 36. Re7+ Kf8 37. Rxe5 Rxe5 38. Bxe5 Rc2 39.
Bd5 Rxf2+ 40. Kg1 Rf5 41. Bd6+ Ke8 42. Bxb7 Kd7 43. Bb4 a5 44. Bd2 Rb5 45. Bf3
Rb1+ 46. Kf2 Rb2 47. Ke1 Rb1+ 48. Ke2 Rb2 49. Kd1 Rb3 50. Bg4+ Ke8 51. a4 Rxg3
52. Bxa5 h5 53. Bc8 Ra3 54. Ba6 Rxh3 55. Bb5+ Kf7 56. Bb6 Rc3 57. a5 h4 58. a6
h3 59. a7 Rc8 60. Bc4+ Ke7 61. Bd5 h2 62. a8=Q Rxa8 63. Bxa8 Kd6 64. Ke2 g5 65.
Kf2 Ke5 66. Bc7+ Kf5 67. Bxh2 Kg4 68. Bb7 Kh3 69. Bg3 g4 70. Bg2# 1-0

[Event "Mundial Juvenil femenino 2005 s12"]
[Site "Belfort FRA"]
[Date "2005.07.28"]
[Round "9.16"]
[White "Jimenez Lupianez, Laura"]
[Black "Szabo, Noemi"]
[Result "0-1"]
[WhiteElo "1599"]
[BlackElo "1939"]
[PlyCount "98"]
[EventDate "2005.07.19"]
[EventType "swiss"]
[EventRounds "11"]
[EventCountry "FRA"]
[Source "lmi"]
[SourceDate "2005.07.31"]

1. e4 c5 2. Nf3 e6 3. Nc3 a6 4. d4 cxd4 5. Nxd4 b5 6. Bd3 Qc7 7. O-O Nf6 8. Kh1
Bb7 9. Qe2 d6 10. f4 Nbd7 11. Bd2 Be7 12. a4 b4 13. Na2 a5 14. c3 Qb6 15. Nb5
bxc3 16. Naxc3 O-O 17. Rae1 e5 18. fxe5 Nxe5 19. Be3 Qd8 20. Bf4 Nfg4 21. Bc2
Qb6 22. h3 Nf6 23. Rd1 Nfd7 24. Nd5 Bxd5 25. Rxd5 Rac8 26. Rfd1 Nf6 27. R5d4
Rfd8 28. Be3 Qc6 29. Rc1 Qb7 30. Rcd1 Qc6 31. Rc1 Qb7 32. Rcd1 Rc6 33. Bf4 Qb8
34. b3 Ng6 35. Bg3 Ne5 36. Qd2 Rdc8 37. Bb1 Ne8 38. Qxa5 Rc1 39. Qd2 Rxd1+ 40.
Qxd1 Qb6 41. Kh2 Rc6 42. Bxe5 dxe5 43. Rd5 Bg5 44. Kh1 Rc1 45. Qxc1 Bxc1 46.
Rxe5 Kf8 47. Bd3 Bf4 48. Rf5 Qe3 49. Bf1 Qf2 0-1

[Event "Mundial Juvenil femenino 2005 s12"]
[Site "Belfort FRA"]
[Date "2005.07.28"]
[Round "9.17"]
[White "Adamowicz, Katarzyna"]
[Black "Langnerova, Karolina"]
[Result "1/2-1/2"]
[WhiteElo "1885"]
[BlackElo "1599"]
[PlyCount "50"]
[EventDate "2005.07.19"]
[EventType "swiss"]
[EventRounds "11"]
[EventCountry "FRA"]
[Source "lmi"]
[SourceDate "2005.07.31"]

1. e4 c5 2. Nf3 e6 3. d4 cxd4 4. Nxd4 Nf6 5. Nc3 Nc6 6. Ndb5 Bb4 7. a3 Bxc3+ 8.
Nxc3 d5 9. exd5 exd5 10. Bd3 O-O 11. O-O h6 12. h3 Re8 13. b4 Ne5 14. Bb2 b6
15. Ne2 Bb7 16. Nd4 Rc8 17. Re1 Nxd3 18. Qxd3 Rc4 19. Nf5 Rce4 20. Rxe4 Rxe4
21. Qg3 Nh5 22. Nxh6+ Kh7 23. Nxf7 Nxg3 24. Nxd8 Ne2+ 25. Kf1 Ba6 1/2-1/2

[Event "Mundial Juvenil femenino 2005 s12"]
[Site "Belfort FRA"]
[Date "2005.07.28"]
[Round "9.18"]
[White "Messina, Roberta"]
[Black "Smith, Stephanie"]
[Result "1/2-1/2"]
[WhiteElo "1845"]
[BlackElo "1599"]
[PlyCount "59"]
[EventDate "2005.07.19"]
[EventType "swiss"]
[EventRounds "11"]
[EventCountry "FRA"]
[Source "lmi"]
[SourceDate "2005.07.31"]

1. e4 e5 2. Nf3 Nc6 3. d4 exd4 4. Nxd4 Qh4 5. Nb5 Qxe4+ 6. Be2 Kd8 7. O-O Nf6
8. N1c3 Qe8 9. Re1 d6 10. Bg5 Be7 11. Bc4 h6 12. Bxf6 gxf6 13. Nd5 Qf8 14.
Nbxc7 Rb8 15. Nxe7 Kxc7 16. Nd5+ Kd8 17. Nxf6 Bd7 18. Qd5 Be6 19. Qd2 Bxc4 20.
Re8+ Qxe8 21. Qxd6+ Kc8 22. Nxe8 Rxe8 23. Qxh6 Be6 24. h3 b6 25. a3 Kb7 26. Qh4
Ra8 27. Qe4 Reb8 28. Kf1 b5 29. a4 Bc4+ 30. Kg1 1/2-1/2

[Event "Mundial Juvenil femenino 2005 s12"]
[Site "Belfort FRA"]
[Date "2005.07.28"]
[Round "9.20"]
[White "Botha, Monique"]
[Black "Soylemez, Cansu"]
[Result "0-1"]
[WhiteElo "1599"]
[BlackElo "1599"]
[PlyCount "85"]
[EventDate "2005.07.19"]
[EventType "swiss"]
[EventRounds "11"]
[EventCountry "FRA"]
[Source "lmi"]
[SourceDate "2005.07.31"]

1. Nf3 d5 2. g3 e6 3. Bg2 Nf6 4. O-O Be7 5. d3 O-O 6. Nbd2 Nbd7 7. e4 c6 8. c4
Nc5 9. e5 Ng4 10. d4 Ne4 11. Nxe4 dxe4 12. Nd2 e3 13. Qxg4 exd2 14. Bxd2 f5 15.
exf6 Bxf6 16. Qe2 Bxd4 17. Rad1 Qf6 18. b3 e5 19. Be3 Bf5 20. Bxd4 exd4 21. Qd2
d3 22. Rfe1 Rae8 23. Bf1 Bg4 24. Rb1 Be2 25. f4 Qd4+ 26. Kh1 Qf2 27. Bg2 Rf6
28. Rg1 Rh6 29. Rbf1 Qe3 30. Rd1 Bxd1 31. Qxe3 Rxe3 32. Rxd1 Rxg3 33. Rd2 Re3
34. Kg1 Rhe6 35. Bf1 Rd6 36. Kf2 Re4 37. Kf3 Rdd4 38. Bxd3 Rxf4+ 39. Ke3 c5 40.
b4 b6 41. a4 Rh4 42. Bf1 Rxd2 43. Kxd2 0-1